| 000 | 00000nam##2200000za#4500 |
| 001 | 9.570253 |
| 003 | CaOODSP |
| 005 | 20220901140008 |
| 007 | cr ||||||||||| |
| 008 | 150406|1998||||xxc|||||o f|0| 0 eng|d |
| 040 | |aCaOODSP|beng |
| 043 | |an-cn--- |
| 086 | 1 |aJ3-8/1998-4E-PDF |
| 110 | 1 |aCanada.|bJustice Canada. |bCanadian Firearms Centre. |
| 245 | 10|aFirearms, accidental deaths, suicides and violent crime : |h[electronic resource]|ban updated review of the literature with special reference to the Canadian situation / |c[by] Yvon Dandurand |
| 260 | |aOttawa - Ontario : |bJustice Canada. |cSeptember 1998. |
| 300 | |a108p. |
| 490 | 1 |aWorking document|vWD1998-4e |
| 504 | |aBibliography. |
| 590 | |a11-08-Supp|b2011-06-16 |
| 720 | 1 |aDandurand, Yvon |
| 775 | 08|tArmes à feu, décès accidentels, suicides et crimes violents : |w(CaOODSP)9.600999 |
| 830 | #0|aWorking document ;|vWD1998-4e|w(CaOODSP)9.505668 |
| 856 | 40|ahttp://publications.gc.ca|qPDF|s319 KB|uhttps://publications.gc.ca/collections/collection_2011/jus/J3-8-1998-4-eng.pdf|yWD1998-4e |